000 00613cam a2200169 i 4500
005 20251108164049.0
008 250721r1995 ua gr 000 0 ara d
082 1 4 _a150.3
_bع ب د
100 1 _aالجفني، عبد المنعم
_eمؤلف.
245 1 0 _aموسوعة مدارس علم النفس :
_bالكتاب الجامع لهذه المدارس /
_cتأليف د:.عبد المنعم.
264 1 _aالقاهرة :
_bمكتبة مدبولي،
_c[1995].
300 _a523 صفحة.
650 1 7 _aعلم النفس.
650 1 7 _aالموسوعات.
942 _2ddc
_cBK
999 _c2668
_d2668